00573nam a22001697a 450000500170000001000150001702000110003203500140004303700130005708200080007010000150007824501490009326000580024227000500030030000220035050000310037220181201142420.0 aENG-117387 c495.00 aEN-100919 bDBAD/PUB a880 aMalik,R.S. aEnglish for UGC-NET/JRF/SLET,(paper II and III)and other competitive examinations :) /cby ,R.S. Malikbobjective type questions with solution / aNew DelhibAtlantic Publishers and Distrubutorsc2017 a7/22,Ansari Road,DaryaganjbNew Delhie110002 a600p.b24cm.(pbk) a ISBN Number same-B-648680